Statistics for General Knowledge(HARD).

Click here to take the quiz!

General Stats

  • This quiz has been taken 242 times
  • The average score is 10 of 15

Answer Stats

QuestionAnswer% Correct
The Largest Continent in The WorldAsia
96%
The Author of 'Mein Kampf'Adolf Hitler
93%
The Smallest Country in The WorldVatican
93%
The Name of The Museum Where The Mona Lisa is HeldThe Louvre
89%
The Famous Painter who Had One EarVincent Van Gogh
89%
The Famous Composer Born in 1756Wolfgang Amadeus Mozart
82%
The Longest Mountain Range in The WorldThe Andes
79%
The Largest Empire in HistoryThe British Empire
69%
The First Man in SpaceYuri Gagarin
69%
The First Nation to Win the World CupUruguay
66%
The Smallest Ocean in The WorldArctic Ocean
65%
The First ever Disney MovieSnow White and The Seven Dwarfs
60%
The Name of The Plane that Dropped the Atomic Bomb on HiroshimaEnola Gay
56%
The Name of The Russian Special ForcesSpetsnaz
21%
The Name of The Place where J.F.K was AssassinatedDealey Plaza
17%

Score Distribution

Percentile by Number Answered

Percent of People with Each Score

Your Score History

You have not taken this quiz